000 00302nam a22001337a 4500
008 210304b ||||| |||| 00| 0 eng d
020 _a9780321334336
041 _aeng
080 _29th
_a510
100 _a36
101 _aMAT
245 _aMathematics with Applications
_cLial,L.M
942 _2udc
_cBK
999 _c55767
_d55767